Mormon Passage of George D. Watt (Record no. 353113)
[ view plain ]
| 000 -LEADER | |
|---|---|
| fixed length control field | 00680nam a2200133Ia 4500 |
| 008 - FIXED-LENGTH DATA ELEMENTS--GENERAL INFORMATION | |
| fixed length control field | 171212s9999 xx 000 0 und d |
| 020 ## - INTERNATIONAL STANDARD BOOK NUMBER | |
| International Standard Book Number | 9780874217568 |
| 100 ## - MAIN ENTRY--PERSONAL NAME | |
| Personal name | Watt, Ronald G. |
| 245 ## - TITLE STATEMENT | |
| Statement of responsibility, etc | Watt, Ronald G. |
| Title | Mormon Passage of George D. Watt |
| Remainder of title | First British Convert, Scribe for Zion |
| 260 ## - PUBLICATION, DISTRIBUTION, ETC. (IMPRINT) | |
| Name of publisher, distributor, etc | University Press of Colorado |
| Date of publication, distribution, etc | 2009 |
| 650 ## - SUBJECT ADDED ENTRY--TOPICAL TERM | |
| Topical term or geographic name as entry element | History |
| 650 ## - SUBJECT ADDED ENTRY--TOPICAL TERM | |
| Topical term or geographic name as entry element | Watt, G. D. (George Darling), 1812-1881; Mormon converts -- England -- Biography; Ex-church members -- Church of Jesus Christ of Latter-Day Saints -- Biography; Ex-church members -- United States -- Biography; Spiritualists -- United States -- Biography |
| 856 ## - ELECTRONIC LOCATION AND ACCESS | |
| Uniform Resource Identifier | <a href="www.jstor.org/stable/10.2307/j.ctt4cgrhc">www.jstor.org/stable/10.2307/j.ctt4cgrhc</a> |
| Withdrawn status | Lost status | Damaged status | Home library | Current library | Date acquired | Total Checkouts | Full call number | Date last seen | Price effective from | Koha item type |
|---|---|---|---|---|---|---|---|---|---|---|
| College Library | College Library | 12/12/2017 | BX8695.W38W38 2009 | 12/12/2017 | 12/12/2017 | Curriculum - Based eBooks |